Normal view MARC view

Entry Nombre corporativo

Number of records used in: 1

001 - NÚMERO DE CONTROL

  • campo de control: 2476

003 - IDENTIFICADOR DE NÚMERO DE CONTROL

  • campo de control: OSt

005 - FECHA Y HORA DE LA ÚLTIMA TRANSACCIÓN

  • campo de control: 20221005154935.0

008 - ELEMENTOS DE DATO DE LONGITUD-FIJA

  • campo de control de longitud fija: 221005|| aca||aabn | a|a d

040 ## - FUENTE DE CATALOGACIÓN

  • Centro catalogador/agencia de origen: OSt
  • Centro/agencia transcriptor: OSt

110 ## - ENCABEZAMIENTO-NOMBRE DE ENTIDAD CORPORATIVA

  • Nombre de entidad corporativa o nombre de jurisdicción como elemento de entrada: MADRID.
  • Unidad subordinada: Tribunal Superior de Justicia
  • Sede del congreso/Lugar de la reunión: Sala de lo Contencioso Administrativo
  • Sede del congreso/Lugar de la reunión: Sección 9ª

670 ## - FUENTE DE DATOS ENCONTRADOS

  • Cita de la fuente: Work cat.: (OSt)1449: MADRID. Tribunal Superior de Justicia Sala de lo Contencioso Administrativo Sección 9ª, Sentencia n. 280 [relativa al recurso interpuesto en representación de D. Francisco Fernández Bellot, de la Federación del Metal de Madrid-Región contra la resolución 1 de abril de 1993 de la Delegación del Gobierno de Madrid, 1992

Powered by Koha